Ontologický model pre bezpečnostnú doménu

Na minha lista:
Detalhes bibliográficos
Autor principal: Hurtiš, Lukáš (Author)
Outros Autores: Balogh, Štefan (Thesis advisor)
Formato: Manuscrito Livro
Idioma:eslovaco
Publicado em: 2019
Assuntos:
Acesso em linha:http://is.stuba.sk/zp/portal_zp.pl?podrobnosti=125605
Tags: Adicionar Tag
Sem tags, seja o primeiro a adicionar uma tag!

MARC

LEADER 00000ntm a22000003a 4500
001 stuzp71527
003 SK-STU
005 20190904121402.9
007 ta
008 150427s2015----xo-----f-mn---000-0-slo-d
040 |a STU  |b slo 
041 0 |a slo 
044 |a xo 
100 1 |a Hurtiš, Lukáš  |u 035000  |4 aut  |U FEI Fakulta elektrotechniky a informatiky  |T FEI Ústav informatiky a matematiky  |X 81464  |U E050  |Y 816  |7 81464 
242 0 1 |a The ontology model for the security domain  |y eng 
245 1 0 |a Ontologický model pre bezpečnostnú doménu 
260 |c 2019 
300 |a 42 s., príl.,  |b DVD 
650 4 |a Ontológia  |2 slo 
650 4 |a MAEC  |2 slo 
650 4 |a Bezpečnosť  |2 slo 
650 4 |a Malware  |2 slo 
650 4 |a Ontology  |2 eng 
650 4 |a MAEC  |2 eng 
650 4 |a Security  |2 eng 
650 4 |a Malware  |2 eng 
700 1 |a Balogh, Štefan  |u 035000  |k Z1  |4 ths  |U FEI Fakulta elektrotechniky a informatiky  |T FEI Ústav informatiky a matematiky  |X 30190  |U E050  |Y 816  |7 A000030190 
856 4 |u http://is.stuba.sk/zp/portal_zp.pl?podrobnosti=125605 
996 |b 284ER03078  |c E*Bc- 3078  |l EE35  |s P  |a 0  |w stuzp71527_0001